| 000 | 00451nam a2200205Ia 4500 | ||
|---|---|---|---|
| 001 | 12081 | ||
| 003 | GE_BSU | ||
| 008 | 181216s||||||||xx |||||||||||||| ||und|| | ||
| 020 | _a9780340994030 | ||
| 040 | _cGE_BSU | ||
| 080 | _a821.111-312.4 | ||
| 100 | _aDeaver,Jeffery | ||
| 245 | 4 | _aThe bodies left behind | |
| 260 | _aLondon | ||
| 260 | _bHodder. | ||
| 260 | _c2009. | ||
| 300 | _a500p;20cm | ||
| 653 | _aThe bodies left behind | ||
| 942 | _cBK | ||
| 999 |
_c45258 _d45258 |
||